| 000 | 00443nam a2200181Ia 4500 | ||
|---|---|---|---|
| 008 | 221030s9999 xx 000 0 und d | ||
| 020 | _a0070595011 | ||
| 041 | _aEnglish | ||
| 082 | _a105.23 | ||
| 100 | _aA. Leon-Garcia | ||
| 245 | 0 | _aCommunication Networks- Fundamentals Concept & Key Archittecture | |
| 250 | _a2nd | ||
| 260 |
_bTMH _aNew Delhi _c2007 |
||
| 300 | _a900 | ||
| 650 | _aBE Computer | ||
| 700 | _aI. Widjaja | ||
| 942 | _cBK | ||
| 999 |
_c5690 _d5690 |
||